Alegato en el litigio que tiene el licenciado Juan de Vera Zapata por el embargo de 1500 ducados que le correspondían por herencia

Detalles Bibliográficos
Otros Autores: Juan de Vera Zapata
Formato: Libro
Publicado: s.l., s.f.
Materias:
Colección:Banco de datos
Acervo:Biblioteca Palafoxiana. Colección de Manuscritos
Descripción Física:2 f. ; 32 x 21 cm.
Tema general:Civil
LEADER 00465nam a22001450004500
035 |a 1119 
245 1 0 |a Alegato en el litigio que tiene el licenciado Juan de Vera Zapata por el embargo de 1500 ducados que le correspondían por herencia 
260 |a s.l., s.f. 
300 |a 2 f. ; 32 x 21 cm. 
650 1 0 |a Civil 
700 1 |a Juan de Vera Zapata 
949 |a 19948/030 
942 |c PALAMANU 
943 |g Biblioteca Palafoxiana. Colección de Manuscritos 
999 |c 1069064  |d 1069064